000 02213cam a2200169 4500500
005 20251228092702.0
041 _afre
042 _adc
100 1 0 _aMoreau Defarges, Philippe
_eauthor
245 0 0 _aMondialisation économique et mondialisation politique depuis 1945
260 _c2005.
500 _a90
520 _aMondialisation économique et mondialisation politique depuis 1945La mondialisation, multiplication des interdépendances de toutes sortes, contraction sans fin de l’espace et du temps, est une dynamique technico-économique. En même temps, parallèlement, se manifestent des formes de mondialisation politique : ainsi le projet onusien. Alors, quels liens entre l’économique et le politique ? Comme l’illustre le dernier tiers du XXe siècle, les grandes poussées de mondialisation sont dues à des facteurs technico-économiques, mais ceux-ci sont difficilement dissociables de l’esprit général de l’époque. Ces facteurs technico-économiques peuvent contribuer à remodeler le politique. Mais celui-ci constitue un niveau spécifique, autonome. La mondialisation technico-économique n’est portée par aucune finalité. Elle est toujours à la merci de l’imprévisible.
520 _aMondialisation économique et mondialisation politique depuis 1945Globalization means multiplied interdependences of any kind, hugely shrinking space and time. Globalisation is a technico-economic process. At the same time, forms of political globalization can develop : for instance, the United Nations scheme. Then what are the links between economics and politics ? As suggested by the last third of XXTH century, the big globalization thrusts stem from technico-economic factors, but those factors cannot be separated from the intellectual, spiritual climate of the moment. These factors may reshape politics. But politics remains a specific, an autonomous level. Globalization is not moved by any objective. At any time, it can be broken by the unforeseeable !
786 0 _nRelations internationales | 124 | 4 | 2005-12-01 | p. 41-50 | 0335-2013
856 4 1 _uhttps://shs.cairn.info/revue-relations-internationales-2005-4-page-41?lang=fr&redirect-ssocas=7080
999 _c1603541
_d1603541